=LDR 00000nam 2200000 4500 =001 INLIS000000000000432 =005 20150312144838.0 =006 =007 =008 Ind =035 ##$$0010-061300000000432 =041 ##$$a Ind =082 ##$$a 959.807 =090 ##$$a 959.807 Mar i =100 ##$$a Martono HS =245 ##$$a Ilmu pengetahuan sosial sejarah nasional dan umum untuk SLTP kelas 2 berdasarkan kurikulum pendidikan dasar 1994 / Martono HS =260 ##$$a Solo $b Tiga Serangkai $c 1995 =300 ##$$a 192 hlm. : ilus. ; 21 cm =650 ##$$a Sejarah =650 ##$$a Studi dan pengajaran =850 ##$$a NBPNMAT